[Event "Stuttgart-chB op"]
[Site "Ditzingen"]
[Date "2015.05.17"]
[Round "7"]
[White "Kobald, Matthias"]
[Black "Juettner, Maik"]
[Result "1-0"]
[WhiteElo "1683"]
[BlackElo "1483"]
[PlyCount "59"]
[EventDate "2015.05.17"]
[EventType "swiss"]
[EventRounds "7"]
[EventCountry "GER"]
[SourceTitle "EXT 2018"]
[Source "ChessBase"]
[SourceDate "2017.10.13"]
[SourceVersion "1"]
[SourceVersionDate "2017.10.13"]
[SourceQuality "1"]

1. c4 c5 2. Nf3 e6 3. Nc3 Nf6 4. g3 d5 5. cxd5 exd5 6. d4 Bf5 7. Bg2 Nc6 8. a3 Qd7 9. 0-0 Bh3 10. Be3 Bxg2 11. Kxg2 Ng4 12. Bf4 cxd4 13. Nxd4 Nxd4 14. Qxd4 Nf6 15. Rfd1 b6 16. Nxd5 Qb7 17. Qe5+ Be7 18. e4 Nxd5 19. Qxd5 Qxd5 20. Rxd5 0-0 21. Rad1 Rfe8 22. f3 Rac8 23. Rd7 Rc2+ 24. Kh3 Rxb2 25. Rxe7 Rc8 26. Rxa7 Rb5 27. Rd5 Rb3 28. Kg4 g6 29. Bh6 Rb2 30. h4 1-0